| 000 | 00502nam a2200169Ia 4500 | ||
|---|---|---|---|
| 999 |
_c35118 _d35118 |
||
| 003 | OSt | ||
| 005 | 20201207101637.0 | ||
| 008 | 190216s9999||||xx |||||||||||||| ||und|| | ||
| 040 | _coclc | ||
| 082 |
_a025.4 _bRAN/E |
||
| 100 |
_aRanganathan, S R _97224 |
||
| 245 | 0 |
_aElements Of Library Classification / _cS R Ranganathan |
|
| 260 |
_bAsia Publishing House, _c1963. _aBombay: |
||
| 300 | _a168p | ||
| 650 | _aGeneral Libraries | ||
| 942 |
_cREF _2ddc _h025.4 _iRAN/E _k025.4 _mRAN/E |
||